Państwa w strefie Sahel - Statystyki

Ogólne statystyki
  • Ten quiz został rozwiązany 14 razy
  • Średni wynik to 10 z 11
Statystyki odpowiedzi
Państwa % Poprawnych
Etiopia
100%
Niger
100%
Sudan
100%
Sudan Południowy
100%
Czad
91%
Erytrea
91%
Mali
91%
Mauretania
82%
Nigeria
82%
Senegal
64%
Burkina Faso
55%
Nie znaleziono quizów pasujących do podanych kryteriów
Rozkład punktacji
Procent ludzi z każdym wynikiem
Percentyl według liczby udzielonych odpowiedzi
Twoja historia wyników
Nie rozwiązałeś tego quizu